000 00894nam a2200265Ia 4500
003 IN-BaIIA
008 211028s9999 xx s 000 0 eng d
020 _a978-3-642-33104-6 (Print)
020 _a978-3-642-33105-3 (Online)
022 _a0075-8450 (Print)
022 _a1616-6361 (Online)
040 _cIIA Library
100 _aWipf, Andreas, ed.
_940508
245 0 _aStatistical Approach to Quantum Field Theory
_h[eBook]
260 _aHeidelberg, Berlin
_bSpringer Berlin Heidelberg
_c2013
300 _aOnline resource
490 _aLecture Notes in Physics
650 _a Complex Systems
650 _a Elementary Particles, Quantum Field Theory
650 _a Mathematical Methods in Physics
650 _a Quantum Field Theories, String Theory
650 _aPhysics
_973
856 _uhttp://doi.org/10.1007/978-3-642-33105-3
_yClick Here to Access eBook
942 _cEB
999 _c21920
_d21920